Women in Greek Mythology - Statistics

General Stats
  • This quiz has been taken 53 times
    49 since last reset
  • The average score is 39 of 94
Answer Stats
Hint Answer % Correct
Goddess of war & wisdom Athena
94%
Mother Earth Gaea
94%
Most beautiful woman Helen
94%
Goddess of love Aphrodite
91%
Goddess of the harvest Demeter
88%
Goddess of marriage Hera
88%
Goddess of the dead & spring Persephone
88%
Goddess of the hunt & women Artemis
85%
Goddess of the home & hearth Hestia
82%
A woman turned into a Gorgon by Athena Medusa
82%
Goddess of victory Nike
82%
Goddess of night Nyx
82%
Curious woman who opens a box of the world's evils Pandora
79%
Goddess of the moon Selene
79%
Turned into a spider after challenging Athena Arachne
76%
Goddess of witchcraft & magic Hecate
76%
Goddess of rainbows Iris
76%
Cursed to never be believed Cassandra
73%
Goddess of discord Eris
73%
Goddess of vengeance Nemesis
73%
Faithful & cunning wife who fends off suitors Penelope
73%
Titaness of motherhood Rhea
73%
Witch-goddess living on the island of Aeaea Circe
70%
Nymph who holds Odysseus captive Calypso
67%
Wife of Eros and Goddess of the soul Psyche
67%
A nymph cursed to repeat herself Echo
64%
Goddess of the dawn Eos
61%
Sorceress who helped Jason steal the golden fleece Medea
61%
Goddess of youth Hebe
52%
Goddess of the sea Amphitrite
48%
Mother of all monsters Echidna
48%
Lover of Orpheus, died by snake bite Eurydice
48%
One of the fastest mortals Atalanta
45%
Titaness of children Leto
42%
Titaness of memory Mnemosyne
42%
Goddess of festivity Thalia
42%
Muse of comedy Thalia
42%
Abandoned on Naxos by Theseus Ariadne
39%
Muse of epic poetry Calliope
39%
Muse of history Clio
39%
Kills her husband after her daughter is sacrificed Clytemnestra
39%
Goddess of harmony Harmonia
39%
Titaness of prophecy Phoebe
39%
Goddess of snow Khione
36%
Titaness of divine law Themis
36%
The mother of Achilles who dipped him in the Styx Thetis
36%
Goddess of good fortune Tyche
36%
Goddess of the stars Asteria
33%
Goddess of day Hemera
33%
Goddess of sea monsters Keto
33%
Muse of dance Terpsichore
33%
Goddess of unceasing anger Alecto
30%
Sacrificed to Artemis for the Trojan war Iphigenia
30%
Titaness of wise counsel Metis
30%
Sentenced to death for giving her brother a proper burial Antigone
27%
Given to Achilles as a prize of war Briseis
27%
Muse of lyric poetry Erato
27%
Unknowingly marries her son & commits suicide Jocasta
27%
Muse of tragedy Melpomene
27%
Titaness of sight Theia
27%
Muse of astronomy Urania
27%
Wife of Hector Andromache
24%
Goddess of force Bia
24%
The Spinner Clotho
24%
Muse of music Euterpe
24%
Heracles' wife who he killed in a fit of madness Megara
24%
Goddess of nightmares & madness Melinoe
24%
Muse of sacred poetry Polyhymnia
24%
Mother of Dionysus, killed when she asked to see Zeus' true form Semele
24%
Queen of Troy Hecuba
21%
Goddess of cleanliness Hygeia
21%
Goddess of oaths and hatred Styx
21%
Titaness of fresh water Tethys
21%
The Inflexible Atropos
18%
Goddess of hope Elpis
18%
The Allotter Lachesis
18%
Goddess of jealousy Megaera
18%
Goddess of avenging murder Tisiphone
18%
Goddess of splendor & glory Aglaia
15%
Queen & founder of Carthage Dido
15%
Goddess of childbirth Eileithyia
15%
Goddess of peace Eirene
15%
Goddess of joy Euphrosyne
15%
Goddess of rumor Pheme
15%
Goddess of justice Dike
12%
Goddess of rage Lyssa
12%
Goddess of persuasion Peitho
12%
Goddess of summer Auxo
9%
Goddess of winter Carpo
9%
Goddess of order Eunomia
9%
Trojan princess sacrificed to Achilles Polyxena
9%
Goddess of spring Thallo
9%
Offers to die in her husband's place Alcestis
6%
Trojan princess who saved her younger brother by switching the identities of him and her own son Ilione
3%
No matching quizzes found
Score Distribution
Percent of People with Each Score
Percentile by Number Answered
Your Score History
You have not taken this quiz since the last reset